Chansons de Jean-Jacques Goldman album Positif - Statistiques

Statistiques générales
  • Ce quiz a été pris 11 fois
  • Le résultat moyen est 6 sur 9
Statistiques - réponses
Titre % Correct
Envole moi
100%
Encore un matin
80%
Nous ne nous parlerons pas
70%
Long is the road
60%
Petite fille
60%
Ton autre chemin
60%
Dors bébé dors
40%
Je chante pour ça
40%
Plus fort
40%
Aucun quiz correspondant
Distribution des résultats
% des personnes avec chaque résultat
Percentile par nombre de réponses
Votre historique - résultats
Vous n’avez pas pris ce quiz